000 00433nam a22001577a 4500
003 OSt
005 20260422073206.0
008 260422b |||||||| |||| 00| 0 eng d
040 _aDWCL Main Lib.
_cOC
082 _a268.6 C12r
100 _aCalucag, Fr. Joe
245 _aRecollections retreats vocational topics/
_cFr. Joe Calucag
260 _a{s.l.} :
_b{s.n.}
300 _av. p. ;
_c21 cm
942 _2ddc
_cBK - FIL
_hFil.
_n0
999 _c9715
_d9715